Sugar Free-- Microwavery : (Record no. 603087)

MARC details
000 -LEADER
fixed length control field 00452nam a2200181 a 4500
008 - FIXED-LENGTH DATA ELEMENTS--GENERAL INFORMATION
fixed length control field 251217s1991##################000#0#eng##
020 ## - INTERNATIONAL STANDARD BOOK NUMBER
ISBN 9780345367884
082 04 - DEWEY DECIMAL CLASSIFICATION NUMBER
Classification number 641.5638
Item number MAJ
100 1# - MAIN ENTRY--AUTHOR NAME
Personal name Majors, Judith S.,
245 10 - TITLE STATEMENT
Title Sugar Free-- Microwavery :
260 ## - PUBLICATION, DISTRIBUTION, ETC. (IMPRINT)
Name of publisher Ballantine,
Year of publication 1991.
650 #0 - SUBJECT ADDED ENTRY--TOPICAL TERM
Topical Term Microwave cooking.
942 ## - ADDED ENTRY ELEMENTS (KOHA)
Koha item type English Books
Holdings
Withdrawn status Lost status Damaged status Not for loan Home library Current library Shelving location Date acquired Full call number Accession Number Price effective from Koha item type
        Anna Centenary Library Anna Centenary Library 6TH FLOOR, A WING 17.12.2025 641.5638 MAJ 421366 17.12.2025 English Books

Find us on the map